00527nam a2200205 a 4500001001300000003000900013005001700022008004100039020001100080082001600091100002200107245004400129260003900173300000900212500003500221505000900256650001600265650001800281700002200299nice12345678IN_TiNIC20260116011354.0050524s1968 luca grp 000 0 urd  ac12.500a891.41bNAT aNatiq, Abul Hasan aKinzul Matalibb Sharh-E-Diwan-E-Ghalib aLucknowbMaktaba Deen-E-Adabc1968 a493p aincludes index and biblioraphy2 abibl aUrdu-Poetry aGhalib-Poetry1 aNatiq, Abul Hasan